Teleworking in the countryside : home-based working in the information society. (Record no. 100782)

MARC details
000 -LEADER
fixed length control field 01000cam a2200265 4500
008 - FIXED-LENGTH DATA ELEMENTS--GENERAL INFORMATION
fixed length control field 000000n2000 000 0 eng u
020 ## - INTERNATIONAL STANDARD BOOK NUMBER
International Standard Book Number 0754610616
035 ## - SYSTEM CONTROL NUMBER
System control number (Sirsi) u108395
050 ## - LIBRARY OF CONGRESS CALL NUMBER
Classification number 384
100 ## - MAIN ENTRY--PERSONAL NAME
Personal name Clark, Michael, Anthony
245 ## - TITLE STATEMENT
Title Teleworking in the countryside : home-based working in the information society.
260 ## - PUBLICATION, DISTRIBUTION, ETC.
Place of publication, distribution, etc. Aldershot
Name of publisher, distributor, etc. Ashgate Publishing Limited
Date of publication, distribution, etc. 2000
300 ## - PHYSICAL DESCRIPTION
Extent xii, 189p. ; 23cm.
350 ## - PRICE (NR) (BK AM CF MU VM SE) [OBSOLETE]
Price 37.50
520 ## - SUMMARY, ETC.
Summary, etc. A study of the factors underpinning the development of rural teleworking and the characteristics and experiences of teleworking and teleworkers in Britain. Areas covered include the effect on the rural economy, the facilitation of, and demand for telework and telecottages.
650 ## - SUBJECT ADDED ENTRY--TOPICAL TERM
Topical term or geographic name entry element TELEWORKING
650 ## - SUBJECT ADDED ENTRY--TOPICAL TERM
Topical term or geographic name entry element Rural
9 (RLIN) 6268
650 ## - SUBJECT ADDED ENTRY--TOPICAL TERM
Topical term or geographic name entry element HOMEWORKING
650 ## - SUBJECT ADDED ENTRY--TOPICAL TERM
Topical term or geographic name entry element HOMEWORKERS
650 ## - SUBJECT ADDED ENTRY--TOPICAL TERM
Topical term or geographic name entry element FLEXIBLE WORKING PRACTICES
650 ## - SUBJECT ADDED ENTRY--TOPICAL TERM
Topical term or geographic name entry element TELECOTTAGES
650 ## - SUBJECT ADDED ENTRY--TOPICAL TERM
Topical term or geographic name entry element WORKING FROM HOME
690 ## - LOCAL SUBJECT ADDED ENTRY--TOPICAL TERM (OCLC, RLIN)
Topical term or geographic name as entry element ECONOMIC ISSUES
942 ## - ADDED ENTRY ELEMENTS (KOHA)
Suppress in OPAC 0
Holdings
Withdrawn status Lost status Source of classification or shelving scheme Damaged status Not for loan Home library Current library Shelving location Date acquired Cost, normal purchase price Total Checkouts Full call number Barcode Date last seen Date last checked out Copy number Cost, replacement price Price effective from Koha item type
    Dewey Decimal Classification     London London Books 21/12/2000 31.87 4 384 CLA 30063110 06/08/2019 14/02/2003 1 31.87 06/08/2019 Book